| 000 | 00573cam a2200193 a 4500 | ||
|---|---|---|---|
| 020 | _a0821370219 | ||
| 020 | _a9780821370216 | ||
| 020 | _a9780821370223 | ||
| 040 | _cDLC | ||
| 082 | 0 | 0 | _a330 WOR 2007 A073 Or. |
| 245 | 0 | 0 | _aConflict, livelihoods, and poverty in Guinea-Bissau / |
| 260 |
_aWashington, D.C. : _bThe World Bank, _cc2007. |
||
| 300 |
_axiii, 88 p. : _bill. ; _c26 cm. |
||
| 490 | 0 | _aWorld Bank working paper ; | |
| 700 | 1 | _aBarry, Boubacar-Sid, | |
| 710 | 2 | _aWorld Bank. | |
| 856 | 4 | 1 | _uhttp://www.loc.gov/catdir/toc/ecip076/2006101052.html |
| 942 | _cEK | ||
| 999 |
_c15009 _d15009 |
||